00538nam a22001695i 450000100060000000300090000600500170001500700030003200800410003504000200007610000330009624500860012925000360021526000690025130000270032085200210034768530ES-MaACL20250822063129.0t|960808s1873 fr ||||1| fre d aCAM bspa cCAM1 aGarnier, Joseph, d1813-188110aTraité d'economie politique sociale ou industrielle ... / cpar Joseph Garnier. a7ª éd. revue et augmentée. aParis : bGarnier fréres etc., c1873 (fSimon Racon et Comp.) aXVI, 784 p. ; c18 cm. aES-MaACLjD-1015